Missing Word: Fairy Tale Countries Quiz Stats

 Plays Quiz Updated Feb 18, 2013

Support Sporcle.
Go Orange.
Score 0/16 Timer 02:00
1 Play Today
Country Missing Word % Correct
DENMARKLittle
98.8%
FRANCEBeauty
98%
ENGLANDThree
98%
GERMANYPuss
97.2%
GERMANYGretel
94.5%
DENMARKDuckling
93.5%
DENMARKPrincess
91.5%
ENGLANDBeanstalk
90.8%
Country Missing Word % Correct
ENGLANDGoldilocks
85.2%
FRANCECinderella
83.2%
DENMARKEmperor's
78.2%
ENGLANDTom
71.3%
FRANCESleeping
61.6%
FRANCEBlue
61.6%
GERMANYFrog
31.4%
GERMANYMusicians
14.7%

Today's Daily Dose

You're not logged in!

Compare scores with friends on all Sporcle quizzes.
OR
Log In

From the Vault

Movie Cast Match (1979)

by MasterKGlas

This is probably how they prepare for award show nominations, right?
Remove Ads.
Support Sporcle.
Get the best of Sporcle when you Go Orange. This ad-free experience offers more features, more stats, and more fun while also helping to support Sporcle. Thank you for becoming a member.

Show Comments

Extras

Top Quizzes Today


Score Distribution

Your Account Isn't Verified!

In order to create a playlist on Sporcle, you need to verify the email address you used during registration. Go to your Sporcle Settings to finish the process.

Report this User

Report this user for behavior that violates our Community Guidelines.

Details: